Losas de concreto reforzado
Bewaard in:
| Hoofdauteurs: | , |
|---|---|
| Formaat: | Boek |
| Taal: | Spaans |
| Gepubliceerd in: |
Ciudad de México
Limusa
1987
|
| Onderwerpen: | |
| Tags: |
Voeg label toe
Geen labels, Wees de eerste die dit record labelt!
|
MARC
| LEADER | 00000nam a2200000 a 4500 | ||
|---|---|---|---|
| 001 | UCV5697 | ||
| 003 | CL-VaPUC | ||
| 008 | 890810e19870000MX |||||||||||||||||spa|d | ||
| 082 | 0 | 4 | |a 624.177 |b PAR |2 21 |
| 100 | |a Park, R. |q (Robert) |e autor |9 299986 | ||
| 700 | 0 | |a Gamble, W. L |e author |9 299987 | |
| 245 | 1 | 0 | |a Losas de concreto reforzado |
| 300 | |a 686 p | ||
| 942 | |c BK | ||
| 945 | |d 19890810 00:00:00 | ||
| 260 | |a Ciudad de México |b Limusa |c 1987 | ||
| 650 | 7 | |a LOSAS DE HORMIGON |2 CL-VaPUC |9 262544 | |
| 583 | |a last modification |c 19890810 00:00:00 |k Rodrigo Vera | ||
| 999 | |c 212111 |d 212109 | ||